000 00462nam a22001817a 4500
005 20230118100437.0
008 210219b ||||| |||| 00| 0 eng d
020 _a978-93-5316-069-2
041 _aeng
082 _a615.1
100 _aKATZUNG, BERTRAM G.
_96367
245 _aBASIC AND CLINICAL PHARMACOLOGY
250 _a14TH, ED.
260 _aCHENNAI
_bMcGRAW HILL PVT, LTD
_c1998
300 _a1250,p
650 _aPHARMACY
_xB.PHARMA
_97083
942 _cBK
999 _c7455
_d7453